Atraktivity regionu Rýmařovsko : poznejte nepoznané

Jazyk: Němčina
Polština
Čeština
Angličtina
Vydáno: Rýmařov : Město Rýmařov ve spolupráci s Městským muzeem Rýmařov, 2009
Témata:
Fyzický popis: 39 s. : barev. il. ; 21 cm
Language note: Souběžný anglický, německý a polský text
Knihy
Uloženo v:
LEADER 01573nam a2200421 a 4500
001 nkc20102086786
003 CZ PrNK
005 20100929083548.0
007 ta
008 100224s2009 xr a e f 000 0 cze
015 |a cnb002086786 
020 |a 978-80-254-8185-1  |q (v knize neuvedeno :  |q brož.) 
035 |a (OCoLC)670478291 
040 |a BOA001  |b cze 
041 1 |a cze  |a eng  |a ger  |a pol  |h cze 
043 |a e-xr---  |b e-xr-mo  |2 czenas 
072 7 |a 913(437)  |x Geografie Česka a Slovenska, reálie, cestování  |2 Konspekt  |9 7 
080 |a 913:338.483.1  |2 MRF 
080 |a 908(437.326)  |2 MRF 
080 |a (036)  |2 MRF 
245 0 0 |a Atraktivity regionu Rýmařovsko :  |b poznejte nepoznané 
246 3 0 |a Rýmařovsko 
246 1 7 |a Rýmařovsko - poznejte nepoznané 
260 |a Rýmařov :  |b Město Rýmařov ve spolupráci s Městským muzeem Rýmařov,  |c 2009 
300 |a 39 s. :  |b barev. il. ;  |c 21 cm 
500 |a Název z obálky 
546 |a Souběžný anglický, německý a polský text 
650 0 7 |a turistické zajímavosti  |7 ph126800  |z Česko  |2 czenas 
650 0 9 |a tourist sights  |z Czechia  |2 eczenas 
655 7 |a informační publikace  |7 fd132454  |2 czenas 
655 9 |a information publications  |2 eczenas 
651 7 |a Rýmařov (Česko : oblast)  |7 ge130713  |x vlastivěda  |2 czenas 
651 9 |a Rýmařov Region (Czechia)  |x description and travel  |2 eczenas 
910 2 |a BOA001  |b 2-1239.888 
990 |a BK 
995 |a 01 
991 |b 201004  |c NOV 
996 6 |b 2610424255  |c 2-1239.888  |l MZK  |r Sklad / do 1 hodiny  |n 1  |p p.v.  |w 001114680  |u 000010  |a 1  |e BOA001  |j MZK50  |s P